What I don't know might hurt me / (Record no. 4222)

MARC details
000 -LEADER
fixed length control field 02122cam a22004217a 4500
001 - CONTROL NUMBER
control field 4222
003 - CONTROL NUMBER IDENTIFIER
control field FISKH
005 - DATE AND TIME OF LATEST TRANSACTION
control field 20240705101736.0
008 - FIXED-LENGTH DATA ELEMENTS--GENERAL INFORMATION
fixed length control field 140205s2013 nyua j 000 1 eng d
010 ## - LIBRARY OF CONGRESS CONTROL NUMBER
LC control number 2013404159
020 ## - INTERNATIONAL STANDARD BOOK NUMBER
International Standard Book Number 054537765X
020 ## - INTERNATIONAL STANDARD BOOK NUMBER
International Standard Book Number 9780545377652
020 ## - INTERNATIONAL STANDARD BOOK NUMBER
International Standard Book Number 1480605204 (Paw Prints)
020 ## - INTERNATIONAL STANDARD BOOK NUMBER
International Standard Book Number 9781480605206 (Paw Prints)
035 ## - SYSTEM CONTROL NUMBER
System control number (OCoLC)ocn814707176
040 ## - CATALOGING SOURCE
Original cataloging agency YDXCP
Language of cataloging eng
Transcribing agency YDXCP
Modifying agency BTCTA
-- OCLCQ
-- BDX
-- M$K
-- CXP
-- IUK
-- UOK
-- AU@
-- OCLCO
-- OCLCQ
-- DAD
-- AUMCS
-- OCLCF
-- DLC
050 ## - LIBRARY OF CONGRESS CALL NUMBER
Classification number PZ7.B447547
082 ## - DEWEY DECIMAL CLASSIFICATION NUMBER
Classification number 813.6
100 1# - MAIN ENTRY--PERSONAL NAME
Personal name Benton, Jim.
245 10 - TITLE STATEMENT
Title What I don't know might hurt me /
Statement of responsibility, etc. by Jamie Kelly.
246 3# - VARYING FORM OF TITLE
Title proper/short title What I do not know might hurt me
260 ## - PUBLICATION, DISTRIBUTION, ETC.
Place of publication, distribution, etc. New York :
Name of publisher, distributor, etc. Scholastic,
Date of publication, distribution, etc. 2013.
300 ## - PHYSICAL DESCRIPTION
Extent 123 pages ;
Other physical details illustrations ;
Dimensions 20 cm
490 0# - SERIES STATEMENT
Series statement Dear dumb diary, year two ;
Volume/sequential designation Book 4
500 ## - GENERAL NOTE
General note "Jim Benton's tales from Mackerel Middle School."
520 ## - SUMMARY, ETC.
Summary, etc. Before school, Isabella had me fix her hair in the girls' bathroom. Her hair really is quite beautiful. It's black and thick and glossy, like the majestic hair on a lion if that was black. She had a test later, and she had written the answers on a slice of baloney in the sandwich she brought for lunch. If the teacher saw her, she could just eat the sandwich and destroy the evidence. But she wasn't thinking, and accidentally ate her lunch while I was doing her hair. Beauty can really make you hungry. While she was wiping the ink off her lips, I explained why cheating is wrong. We have a test in math next week, and I encouraged her to pack a lunch you can't write on. If she brings peanut butter and jelly, I'll know I got through to her.
600 10 - SUBJECT ADDED ENTRY--PERSONAL NAME
Personal name Kelly, Jamie
Form subdivision Juvenile fiction.
650 #0 - SUBJECT ADDED ENTRY--TOPICAL TERM
Topical term or geographic name entry element Schools
Form subdivision Juvenile fiction.
650 #0 - SUBJECT ADDED ENTRY--TOPICAL TERM
Topical term or geographic name entry element Interpersonal relations
Form subdivision Fiction.
650 #7 - SUBJECT ADDED ENTRY--TOPICAL TERM
Topical term or geographic name entry element Interpersonal relations.
Source of heading or term fast
650 #7 - SUBJECT ADDED ENTRY--TOPICAL TERM
Topical term or geographic name entry element Kelly, Jamie (Fictitious character)
Source of heading or term fast
650 #7 - SUBJECT ADDED ENTRY--TOPICAL TERM
Topical term or geographic name entry element Schools.
Source of heading or term fast
655 #7 - INDEX TERM--GENRE/FORM
Genre/form data or focus term Fiction.
Source of term fast
655 #7 - INDEX TERM--GENRE/FORM
Genre/form data or focus term Juvenile works.
Source of term fast
906 ## - LOCAL DATA ELEMENT F, LDF (RLIN)
a 7
b cbc
c copycat
d 2
e ncip
f 20
g y-gencatlg
942 ## - ADDED ENTRY ELEMENTS (KOHA)
Source of classification or shelving scheme Dewey Decimal Classification
Koha item type Books
Suppress in OPAC No
Holdings
Withdrawn status Lost status Source of classification or shelving scheme Damaged status Not for loan Collection Home library Current library Shelving location Date acquired Total Checkouts Full call number Barcode Date last seen Copy number Price effective from Koha item type
    Dewey Decimal Classification     Fiction Footprints International School Library Network Toul Kork Campus Footprints International School Library Network Toul Kork Campus A TK Campus, 4th Floor, Room B401, Fiction Bookcases (1-6) 07/05/2024   KEL 813.6 PZ7.B447547 FISTK04721 07/05/2024 1 07/05/2024 Books
    Dewey Decimal Classification     Fiction Footprints International School Library Network Toul Kork Campus Footprints International School Library Network Toul Kork Campus TTP Secondary Fiction Bookshelves 07/05/2024   KEL 813.6 PZ7.B447547 FISSE02274 10/25/2024 2 07/05/2024 Books